00653nas a2200205 450000500170000000800410001701000140005802000230007202000260009503500130012103700150013404000180014908200120016724501010017926000410028030000240032150000410034565000350038670000260042120080925050328.0750824c19479999nyuqr p 0 a0eng d aENG-92546 c500.00a8184242808 c500.00a9788184242804 aEN-76079 bDBAD / PUB adplbEnglish  a303.482 aAfter globalization:cedited by Jyotirmaya Tripathy bessays in religion, culture and identity / aNew Delhi bAllied Publishers c2007 av, 164p.c24cm (Hb) aIncludes bibliographical references  aGlobalizationxSocial aspects. aTripathy, Jyotirmaya